000 00782nam a22001937a 4500
005 20240530110931.0
008 220214s2007 ua a g 000 0 ara d
017 _bمصر. دار الكتب
_a2007/336
040 _aEG-CaGPL
_cEG-CaGPL
082 0 4 _221
_a915.32\
_bح م
100 0 _aحسين ابوبكر العيدروس
245 1 0 _aمسجد المحضار : بتريم حضر موت القرن 9 هـ - 15 م :
_bدراسة اثرية - تاريخية - معمارية - فنية /
_cحسين ابوبكر العيدروس
250 _aط. 1
260 _aصنعاء :
_bتريم للدراسات والنشر،
_c2007
300 _a307 ص. ؛
_c24 سم
650 0 7 _2qrmak
_aمسجد المحضار
942 _2ddc
_cBK
999 _c66653
_d66653